1336 1777 1404 1803 1918 1818 1431 1079 1148 1759 1459 1283 1743 1120 1535 1783 1324 1469 1506 1047 1139 1203 1843 1540 1889 1260 1409 1188 1345 1450 1314 1751 1792 1367 1490 1721 1280 1200 1205 1114 1038 1442 1919 1599 1939 1143 1281 1892 1113 1371 1674 1233 1014 1076 1173 1315 1566 1659 1387 1748 1306 1579 1786 1661 1730 1503 1122 1357 1170 1358 1625 1555 1430 1676 1471 1143 1316 1365 1194 1001 1056 1327 1241 1317 1118 1756 1347 1935 1525 1596 1034 1774 1462 1452 1163 1580 1958 1399 1591 BCNSPRNW ULIB Ver.6.0+V

เปลี่ยนเป็นภาษาไทย

Change to English
 แสดงรายละเอียดบรรณานุกรม
  กลับหน้าหลัก

Brief Record : Get Marc (ISO 2709) : E-mail record : QR code < ปิดหน้าต่าง
LEADER : 00000nam 2200000uu 4500
001    13399107810
003     ULIB
008    110204s2544||||th 000 0 tha d
020    9742778981
060 04 WP100^bน262น 2544
245 00 นรีเวชวิทยา /^cบรรณาธิการ, กิจประมุข ตันตยาภรณ์ ...[และคนอื่นๆ]
250    พิมพ์ครั้งที่ 3
260    กรุงเทพฯ :^bภาควิชาสูติศาสตร์-นรีเวชวิทยา คณะแพทยศาสตร์จุฬาลงกรณ์มหาวิทยาลัย,^c2544
300    523 หน้า :^bภาพประกอบ ;^c29 ซม.
650  7 นรีเวชวิทยา
650  7 อวัยวะสืบพันธุ์หญิง, โรค
700 0  กิจประมุข ตันตยาภรณ์,^eบรรณาธิการ
710 2  จุฬาลงกรณ์มหาวิทยาลัย. ^bคณะแพทยศาสตร์.^bภาควิชาสูติศาสตร์-นรีเวชวิทยา
945    ^p0^l0^i015158
945    ^p0^l0^i015043
945    ^p0^l0^i015042
995    ทศพร
999 ^a ใช้งานได้ทุกระบบ
รายการนี้ยังไม่มีแท็ก
คุณยังไม่ได้ล็อกอิน คุณสามารถมีกิจกรรมร่วมกับเว็บไซต์ได้ แต่ต้องล็อกอินก่อน ::
  ล็อกอิน

รายการสื่อสารสนเทศ

ลำดับที่ ประเภท เลขเรียก/บาร์โค้ด สถานที่ สถานะ
- ไม่พบข้อมูล -

รายการใกล้เคียง
    หัวเรื่อง [นรีเวชวิทยา]
    หัวเรื่อง [อวัยวะสืบพันธุ์หญิง, โรค]

BibComment


ยังไม่เคยถูกคอมเมนท์

คอมเมนท์ทรัพยากรรายการนี้
  คอมเมนท์: นรีเวชวิทยา บรรณ..


 Copyright 2026. Bcnsprnw @Library